000 00820nac a22002657a 4500
001 BR5100134
003 BR-BrBNA
005 20240105112858.0
008 230509b bl.|||m| |||| 00| 0 por d
040 _aBR-BrBNA
_bpor
_cBiblioteca Nacional de Agricultura
072 _aQ10; S10
090 _a0312 BR5100134
100 1 _aPinto, G.P.
110 1 _aInstituto Agronomico do Norte, Belem, PA (Brasil)
_95627
245 1 _aO oleo de pataua [Gordura vegetal, Brasil]
260 3 _aBelem, PA (Brasil):
_c1951.
300 _ap. 67-77
490 _aBoletim Tecnico do Instituto Agronomico do Norte (Brazil)
_vno. 23
_x
500 _a8 ref.; Summary (En)
650 _aPATAUA
650 _aGORDURA VEGETAL
650 _aANALISE QUIMICA
909 _a202312
_bLúcia Elande
_c55
_dLúcia Elande
942 _2AGRIS
_n0
_cMS
999 _c260739
_d260739